Statistics for Which historical figure is this ?

Click here to take the quiz!

General Stats

  • This quiz has been taken 41 times
  • The average score is 30 of 32

Answer Stats

QuestionAnswer% Correct
Cleopatra
100%
Joseph stalin
100%
Martin luther king jr.
100%
Nikola tesla
100%
Ludwig von beethoven
100%
Vladimir lenin
100%
Al capone
100%
Kim il sung
100%
Fidel castro
100%
tutankhamun
100%
Alfred nobel
97%
Pocahontas
97%
Horatio nelson
97%
Abraham lincoln
97%
Salvador dali
97%
Isaac newton
97%
Adolf hitler
97%
Genghis khan
97%
Thomas edison
97%
Erwin rommel
94%
Woodrow wilson
94%
Emperor hirohito
94%
Joan of arc
94%
amelia earheart
91%
Pablo Picasso
91%
Louis armstrong
88%
Edgar allan poe
85%
Wright brothers
85%
Charlemagne
82%
Oliver cromwell
82%
Friedrich nietzsche
74%
Arthur ashe
71%

Score Distribution

Percentile by Number Answered

Percent of People with Each Score

Your Score History

You have not taken this quiz